| 000 | 00472aam a2200181 4500 | ||
|---|---|---|---|
| 005 | 20161208105854.0 | ||
| 008 | 150427b xxu||||| |||| 00| 0 spa d | ||
| 041 | _aspa | ||
| 082 | _a652.3 T288w | ||
| 100 |
_aIslas Novell, Norma _934687 |
||
| 245 | _aApuntes de mecanografía fácil 1 | ||
| 260 |
_aMéxico _bPatria _c2005 |
||
| 300 | _a63 páginas | ||
| 650 |
_aMECANOGRAFIA _92879 |
||
| 650 |
_aMAQUINA DE ESCRIBIR _96758 |
||
| 650 |
_aDIGITACION _94203 |
||
| 942 | _cBK | ||
| 999 |
_c4994 _d4994 |
||